| Tag |
First Indicator |
Second Indicator |
Subfields |
| LEADER |
00000cgm a2200000Mi 4500 |
| 001 |
in00005569613 |
| 006 |
m go z |
| 007 |
vz czazuu |
| 007 |
cr cna|||auuuu |
| 008 |
170208s2016 cau085 g o vleng d |
| 005 |
20241201231851.5 |
| 035 |
|
|
|a (OCoLC)ocn982317390
|
| 040 |
|
|
|a DON
|b eng
|e rda
|c DON
|d OCLCO
|d OCL
|d STF
|d IAY
|d OCLCA
|d CNCEN
|d OCL
|d ALSTP
|d OCLCO
|d CJT
|d OCLCL
|d DXU
|d OCLCO
|
| 019 |
|
|
|a 1373493015
|a 1443974250
|a 1453723241
|
| 035 |
|
|
|a (OCoLC)982317390
|z (OCoLC)1373493015
|z (OCoLC)1443974250
|z (OCoLC)1453723241
|
| 043 |
|
|
|a n-us-ct
|
| 050 |
1 |
4 |
|a LB3013.33.C8
|b N385 2016
|
| 082 |
0 |
4 |
|a 371.782097469
|2 23
|
| 049 |
|
|
|a TXAM
|
| 245 |
0 |
0 |
|a Newtown /
|c KA Synder Productions and Cuomo Cole Productions in association with Transform Films and ITVS present ; a production by Kim A. Snyder and Maria Cuomo Cole.
|
| 257 |
|
|
|a United States.
|2 naf
|
| 264 |
|
1 |
|a [Sausalito, California] :
|b Ro*co Films Educational,
|c 2016.
|
| 300 |
|
|
|a 1 streaming video file (85 min.)
|
| 306 |
|
|
|a 012350
|
| 336 |
|
|
|a two-dimensional moving image
|b tdi
|2 rdacontent
|
| 337 |
|
|
|a computer
|b c
|2 rdamedia
|
| 337 |
|
|
|a video
|b v
|2 rdamedia
|
| 338 |
|
|
|a online resource
|b cr
|2 rdacarrier
|
| 338 |
|
|
|a other
|b vz
|2 rdacarrier
|
| 344 |
|
|
|a digital
|
| 347 |
|
|
|a streaming video file
|2 rda
|
| 380 |
|
|
|a Videorecording
|
| 490 |
0 |
|
|a Academic Video Online
|
| 588 |
|
|
|a Description from landing page (Film Platform, viewed February 8, 2017).
|
| 508 |
|
|
|a Director/Producer, Kim A. Synder ; producer, Maria Cuomo Cole, director of photography, Derek Wiesehahn ; editor, Gabriel Rhodes.
|
| 520 |
|
|
|a Filmed over the course of nearly three years, the filmmakers use unique access and never before heard testimonies to tell a story of the aftermath of the deadliest mass shooting of schoolchildren in American history. Newtown documents a traumatized community fractured by grief and driven toward a sense of purpose. Joining the ranks of a growing club to which no one wants to belong, a cast of characters interconnect to weave an intimate story of community resilience.
|
| 546 |
|
|
|a In English.
|
| 650 |
|
0 |
|a Sandy Hook Elementary School Massacre, Newtown, Conn., 2012.
|
| 650 |
|
0 |
|a School shootings
|z Connecticut
|z Newtown.
|
| 650 |
|
0 |
|a Mental healing.
|
| 650 |
|
0 |
|a Psychic trauma.
|
| 650 |
|
6 |
|a Tuerie à l'école primaire Sandy Hook, Newtown, Conn., 2012.
|
| 650 |
|
6 |
|a Meurtre multiple dans les écoles
|z Connecticut
|z Newtown.
|
| 650 |
|
6 |
|a Guérison par l'esprit.
|
| 650 |
|
6 |
|a Traumatisme psychique.
|
| 651 |
|
7 |
|a Connecticut
|z Newtown (Town)
|2 fast
|
| 650 |
|
7 |
|a Mental healing
|2 fast
|
| 650 |
|
7 |
|a Psychic trauma
|2 fast
|
| 650 |
|
7 |
|a School shootings
|2 fast
|
| 651 |
|
7 |
|a Connecticut
|z Newtown
|2 fast
|1 https://id.oclc.org/worldcat/entity/E39PBJj4tXjr3YC6k7dxPRB9Dq
|
| 647 |
|
7 |
|a Sandy Hook Elementary School Massacre
|c (Newtown, Connecticut :
|d 2012)
|2 fast
|1 https://id.oclc.org/worldcat/entity/E39Qhp4vB9ppCbPkpQY9hVKrry
|
| 648 |
|
7 |
|a 2012
|2 fast
|
| 655 |
|
0 |
|a Streaming video.
|
| 655 |
|
4 |
|a Streaming videos.
|
| 655 |
|
7 |
|a documentary film.
|2 aat
|
| 655 |
|
7 |
|a Documentary films
|2 fast
|
| 655 |
|
7 |
|a Documentary films.
|2 lcgft
|
| 655 |
|
7 |
|a Documentaires.
|2 rvmgf
|
| 700 |
1 |
|
|a Snyder, Kim A.,
|e film director,
|e film producer.
|
| 700 |
1 |
|
|a Cole, Maria Cuomo,
|e film director,
|e film producer.
|
| 700 |
1 |
|
|a Wiesehahn, Derek,
|e director of photography.
|
| 700 |
1 |
|
|a Rhodes, Gabriel,
|d 1980-
|e editor of moving image work.
|1 https://id.oclc.org/worldcat/entity/E39PCjCkRY8t384Kb8CjRrtX8d
|
| 710 |
2 |
|
|a Independent Television Service.
|
| 710 |
2 |
|
|a Transformation Films.
|
| 758 |
|
|
|i has work:
|a Newtown (MovingImage)
|1 https://id.oclc.org/worldcat/entity/E39PCG46PWqjPkVTx4BCBM7dkP
|4 https://id.oclc.org/worldcat/ontology/hasWork
|
| 776 |
0 |
8 |
|i DVD version:
|t Newtown.
|d [United States] : Transform Films : ITVS, [2016]
|w (OCoLC)960644077
|
| 856 |
4 |
0 |
|u http://proxy.library.tamu.edu/login?url=https://www.aspresolver.com/aspresolver.asp?MARC;4748903
|z Connect to this streaming video (Alexander Street Press)
|t 0
|
| 955 |
|
|
|a Alexander Street Press subscription streaming video
|
| 994 |
|
|
|a 92
|b TXA
|
| 999 |
f |
f |
|s 0ecf7cf4-a861-49b1-8014-959b26b92b19
|i ba0f78a8-e9e1-490a-a6f1-9a8a7ff8ff22
|t 0
|
| 952 |
f |
f |
|a Texas A&M University
|b College Station
|c Electronic Resources
|d Available Online
|t 0
|e LB3013.33.C8 N385 2016
|h Library of Congress classification
|
| 998 |
f |
f |
|a LB3013.33.C8 N385 2016
|t 0
|l Available Online
|